000 00910nas a2200301 4500
001 BR0704359
003 BR-BrBNA
005 20231205111405.0
007 ta
008 230509b bl.|||p| |||| 00| 00por d
040 _aBR-BrBNA
_bpor
_cBiblioteca Nacional de Agricultura
041 _a(Pt)
072 _aS20; Q04
100 1 _aYonamine, G.H.
100 1 _aVon Atzingen, M.C.
100 1 _aEmigdio, M.S.
100 1 _aSilva, M.E.M.P. e
245 1 _aDesenvolvimento e análise química de preparações com reduzido teor de sódio, lipídios e colesterol
650 _aPADRÃO DE ALIMENTO
650 _aDIETA
650 _aANÁLISE QUIMICA
650 _aSÓDIO
650 _aLIPIDIO
650 _aCOLESTEROL
773 0 _tAlimentos e Nutrição (Brazil)
_xISSN 0103-4235
_g(Abr-Jun 2005), v. 16(2) p. 137-143
_wBR0704359
909 _a202311
_bLúcia
_c55
_dLúcia Elande
942 _2AGRIS
_n0
_cANA
999 _c192443
_d192443